000
00257nam a2200109Ia 4500
008
190914s9999||||xx |||||||||||||| ||und||
100
_a
Lea,Doug
245
0
_a
Concurrent Programming In java
260
_a
USA
_b
McGraw Hill
_c
1983
300
_a
448
942
_c
BK
999
_c
8427
_d
8427